000
00367nam a2200169Ia 4500
003
0100
008
130303s9999 xx 000 0 und d
040
_c
ARRUPELIB
050
_a
PR9387.9.E4S4 1975
100
_a
Emecheta, Buchi
245
_a
Second Class Citizen
260
_a
NY
260
_b
George Braziller
260
_C
1975
300
_a
174p
942
0
0
_0
1
999
_c
29832
_d
29832